| 000 | 05184nam a22005537a 4500 | ||
|---|---|---|---|
| 005 | 20111222164721.0 | ||
| 010 | _aB-476313-476339 | ||
| 020 |
_a9788189020330 _c350.00 |
||
| 035 | _aB-476313-476339 | ||
| 037 | _bPUB | ||
| 082 | _aS | ||
| 245 |
_aFirst sun stories: _cby T. Bijoykumar Singh...(et al); illustrated by Amanda Suutari _bunusual folk tales from the North East / |
||
| 260 |
_aNew Delhi _bKatha _c2011 |
||
| 270 |
_aA3 Sarvodaya Enclave, Sri Aurobindo Marg, _bNew Delhi _e110017 |
||
| 300 |
_a88p. _bill. _c26cm(Hb) |
||
| 500 | _aThe Katha Chitrakala 2009 grand prize winner | ||
| 700 |
_a Bijoykumar Singh, T. _937479 |
||
| 700 |
_a Suutari, Amanda _937480 |
||
| 942 |
_2ddc _cCH _mFIR _hS |
||
| 999 |
_c59902 _d59902 |
||